| 000 | 01389nam0a22003251 4500 | ||
|---|---|---|---|
| 001 | RU\NLR\A1SV\135077 | ||
| 005 | 20251203171251.9 | ||
| 035 | _a(NLR Aleph) 010679812 | ||
| 090 |
_a9642236 _c9642236 |
||
| 100 | _a20150205d1926 u y0rusy50 ca | ||
| 101 | 1 |
_arus _cger |
|
| 102 | _aRU | ||
| 200 | 1 |
_aСтекло _fД-р Ганс Шульц, прив.-доц. Высш. техн. шк. в Шарлоттенбурге, науч. сотрудник оптич. фирмы Акц. о-ва ГЭРЦ _gПер. с нем. под ред. [и с предисл.] проф. А.Л.Королькова _gВСНХ СССР. Производ. объединение воен. пром-сти (Воен. б. ГУВП). Науч.-техн. сов. |
|
| 210 |
_aМ. _aЛ. _cЦентр. упр. печати ВСНХ СССР _d1926 |
||
| 215 |
_a161 с., 6 л. ил. _cтабл., граф., черт. _d23 см |
||
| 300 | _aНапеч. в Ульяновске | ||
| 320 | _aБиблиогр.: С.6, 147-156 | ||
| 620 | _dМосква | ||
| 620 | _dСанкт-Петербург | ||
| 700 | 1 |
_aШульц _bГ. _gГанс |
|
| 702 | 1 |
_aКорольков _bА.Л. _f1859- _gАлексей Львович |
|
| 801 | 0 |
_aRU _bNLR _c20150205 |
|
| 852 |
_aNLR _j27/814 |
||
| 899 | _aУОНБ | ||
| 899 | _aКирОУНБ | ||
| 899 | _aРГБ | ||
| 942 | _cBOOK | ||
| 980 | _aNB | ||
| 980 | _aA1SV | ||